Hōken shakai no kōzō bunseki /

Saved in:
Bibliographic Details
Main Author: Tsuchiya, Takao, 1896-
Format: Book
Language:Japanese
Published: Tōkyō : Keisō Shobō, 1950.
Subjects:
Tags: Add Tag
No Tags, Be the first to tag this record!
LEADER 00857nam a2200265 i 4500
001 007777781-6
005 20024617115958.0
008 890710s1950 ja a b 000 0 jpn c
010 |a j 59002295 
035 0 |a ocm23327890 
040 |a Hoover Institution  |c MiU  |d OCoLC  |d *YNH*  |d CStRLIN 
043 |a a-ja--- 
050 0 0 |a DS843  |b .T73 
100 1 |6 880-01  |a Tsuchiya, Takao,  |d 1896- 
245 1 0 |6 880-02  |a Hōken shakai no kōzō bunseki /  |c Tsuchiya Takao hen. 
260 |6 880-03  |a Tōkyō :  |b Keisō Shobō,  |c 1950. 
300 |a 338 p. :  |b tables ;  |c 22 cm. 
504 |a Includes bibliographies. 
500 |a Colophon inserted. 
650 0 |a Feudalism  |z Japan. 
880 1 |6 100-01  |a 土屋喬雄,  |d 1896- 
880 1 0 |6 245-02  |a 封建社會の構造分析 /  |c 土屋喬雄編. 
880 |6 260-03  |a 東京 :  |b 勁草書房,  |c 1950. 
988 |a 20021214 
906 |0 OCLC